Tilos a Délvidékre utazni rövid hír
Elmentve itt :
| Dokumentumtípus: | Cikk |
|---|---|
| Megjelent: |
1915-08-26
|
| Sorozat: | Délmagyarország
4 No. 206 |
| Kulcsszavak: | Utazási tilalom Délvidék 1915, Szeged, Délvidék |
| Online Access: | http://dmarchiv.bibl.u-szeged.hu/57436 |
| LEADER | 00450nab a2200145 i 4500 | ||
|---|---|---|---|
| 001 | delm57436 | ||
| 005 | 20180927144634.0 | ||
| 008 | 180927s1915 hu o 0|| hun d | ||
| 040 | |a SZTE Délmagyarország Archívum |b hun | ||
| 041 | |a hun | ||
| 245 | 0 | 0 | |a Tilos a Délvidékre utazni |h [elektronikus dokumentum] : |b rövid hír |
| 260 | |c 1915-08-26 | ||
| 300 | |a 6 | ||
| 490 | 0 | |a Délmagyarország |v 4 No. 206 | |
| 695 | |a Utazási tilalom Délvidék 1915, Szeged, Délvidék | ||